The role of filler networking in dynamic properties of filled rubber (Record no. 70982)

MARC details
000 -LEADER
fixed length control field 00420nam a2200145Ia 4500
100 ## - MAIN ENTRY--AUTHOR NAME
Personal name Wang Meng-Jiao
245 #4 - TITLE STATEMENT
Title The role of filler networking in dynamic properties of filled rubber
260 ## - PUBLICATION, DISTRIBUTION, ETC. (IMPRINT)
Name of publisher Rubber Chemistry and Technology
Year of publication 1999
300 ## - PHYSICAL DESCRIPTION
Number of Pages 430-448
650 ## - SUBJECT ADDED ENTRY--TOPICAL TERM
Topical Term Dynamic properties
650 ## - SUBJECT ADDED ENTRY--TOPICAL TERM
Topical Term Filled rubber
650 ## - SUBJECT ADDED ENTRY--TOPICAL TERM
Topical Term Filler networking
942 ## - ADDED ENTRY ELEMENTS (KOHA)
Koha item type Journals
Holdings
Withdrawn status Lost status Damaged status Not for loan Home library Current library Shelving location Date acquired Serial Enumeration / chronology Koha item type
      Journals RRII Library RRII Library Rubber chemistry 17/12/2021 Volume 72, Issue 2 Journals